Take a balanced view (Record no. 76145)
[ view plain ]
| 000 -LEADER | |
|---|---|
| fixed length control field | 01247cab a2200217 4500 |
| 001 - CONTROL NUMBER | |
| control field | ##L131534 |
| 008 - FIXED-LENGTH DATA ELEMENTS--GENERAL INFORMATION | |
| fixed length control field | 051114n2005 000 0 eng u |
| 035 ## - SYSTEM CONTROL NUMBER | |
| System control number | (Sirsi) u131534 |
| 041 0# - LANGUAGE CODE | |
| Language code of text/sound track or separate title | eng |
| 100 1# - MAIN ENTRY--PERSONAL NAME | |
| Personal name | Harvey, Chris |
| 245 00 - TITLE STATEMENT | |
| Title | Take a balanced view |
| 260 3# - PUBLICATION, DISTRIBUTION, ETC. | |
| Date of publication, distribution, etc. | 2005 |
| 490 #0 - SERIES STATEMENT | |
| Series statement | Estates Gazette |
| Volume/sequential designation | (0544) 5 November 2005, 130-131(2) |
| 520 ## - SUMMARY, ETC. | |
| Summary, etc. | Warns that landlords insisting on onerous provisions in commercial leases should be aware of the potentially negative repercussions at rent review. Looks at the possible effect on review of a number of common onerous provisions: user provisions, repairing obligations, alteration provisions, keep open covenants and break options, uninsured risks and other lease provisions. Lists examples of allowances. Recommends that landlords think about the potential long-term effects of these clauses when negotiating leases. |
| 590 ## - LOCAL NOTE (RLIN) | |
| Local note | IKA221105 |
| 650 24 - SUBJECT ADDED ENTRY--TOPICAL TERM | |
| Topical term or geographic name entry element | PLINTH PROPERTY INVESTMENTS LTD V MOTT HAY AND ANDERSON |
| 650 24 - SUBJECT ADDED ENTRY--TOPICAL TERM | |
| Topical term or geographic name entry element | NORWICH UNION LIFE INSURANCE SOCIETY V BRITISH RAILWAYS |
| 690 ## - LOCAL SUBJECT ADDED ENTRY--TOPICAL TERM (OCLC, RLIN) | |
| Topical term or geographic name as entry element | PROPERTY-COMMERCIAL PROPERTY-LEASEHOLD COMMERCIAL PROPERTY-COMMERCIAL LANDLORD AND TENANT-BUSINESS TENANCIES-RENT REVIEW (BUSINESS TENANCIES) |
| 700 1# - ADDED ENTRY--PERSONAL NAME | |
| Personal name | Panton, Nigel |
| 942 ## - ADDED ENTRY ELEMENTS (KOHA) | |
| Suppress in OPAC | 0 |
| Withdrawn status | Lost status | Source of classification or shelving scheme | Damaged status | Not for loan | Home library | Current library | Shelving location | Date acquired | Total Checkouts | Full call number | Barcode | Date last seen | Copy number | Price effective from | Koha item type |
|---|---|---|---|---|---|---|---|---|---|---|---|---|---|---|---|
| Dewey Decimal Classification | London | London | Journal article | 14/11/2005 | L131534 | 131534-1001 | 06/08/2019 | 1 | 06/08/2019 | Journal article |